000 00780nam a22002297a 4500
005 20100611121233.0
008 100611t xxu||||| |||| 00| 0 eng d
010 _aENG-96337
020 _a9788120338104
_c175.00
035 _aEN-79870
037 _bDBAD/PUB
040 _aDPL
_bEng
082 _a004.36
100 _aCrichlow, Joel M.
_921694
245 _aDistributed systems :
_cby Joel M. Crichlow
_bcomputingover networks /
260 _aNew Delhi
_bPHI
_c2009
270 _aM-97, Connaught Circus,
_bNew Delhi
_e110001
300 _ax, 197p. :
_c24 cm. (Pbk)
_bill.
500 _aincludes index
942 _2ddc
_cEN
_mCRI
_h004.36
999 _c36698
_d36698